000 01005nam a22002537a 4500
005 20240530110513.0
008 151222s2013 ua g b 000 0 ara d
017 _a2002/2705
_bمصر . دار الكتب المصرية
040 _aEG-CaGPL
082 0 4 _221
_a811.054\
_bح ط
100 0 _aحسن يوسف
245 1 0 _aطيف الخيال فى الشعر العربى القديم :
_bالنشاة و التطور /
_cحسن يوسف
250 _aط1
260 _aالاسكندرية :
_bدار الوفاء لدنيا الطباعة و النشر ،
_c2013 .
300 _a266 ص ؛
_c24 سم .
504 _aيشتمل على ارجاعات ببليوجرافية
650 0 4 _aالادب العربى
_xتاريخ و نقد
650 0 4 _aالبلاغة
650 0 4 _aالوصف الادبى
650 0 4 _aالشعر العربى القديم
_xنشاة
650 0 4 _aالشعر العربى القديم
_xتطور
942 _2ddc
_cBK
999 _c61734
_d61734